[Event "Tradewise Gibraltar Masters 14th"]
[Site "Gibraltar"]
[Date "2016.02.01"]
[Round "7.95"]
[White "Lindqvist, Roland"]
[Black "Vea, Odin Blikra"]
[Result "0-1"]
[WhiteElo "2018"]
[BlackElo "2271"]
[Annotator "Rudd,Jack"]
[PlyCount "60"]
[EventDate "2016.01.26"]
[EventType "swiss"]
[EventRounds "10"]
[EventCountry "GGB"]
[Source "www.saund.co.uk"]
[SourceDate "2005.02.07"]

1. e4 c5 2. Nf3 d6 3. d3 Nf6 4. g3 Nc6 5. Bg2 Bg4 6. h3 Bh5 7. Nbd2 h6 8. a4 g5
9. Nc4 Bg7 10. h4 g4 11. Nh2 Qc7 12. Ne3 Ne5 13. Bd2 e6 14. Bc3 O-O-O 15. Bxe5
dxe5 16. O-O Rhg8 17. Qe1 Bf8 18. a5 Nd7 19. Qc3 Nb8 20. Rfd1 Nc6 21. Nc4 Be7
22. Bf1 Bxh4 23. gxh4 g3 24. fxg3 Rxg3+ 25. Kf2 Rdg8 26. Rd2 Qe7 27. Ke1 Qxh4
28. Rf2 Rg2 29. Bxg2 Rxg2 30. Qd2 Rxh2 0-1

[Event "Tradewise Gibraltar Masters 14th"]
[Site "Gibraltar"]
[Date "2016.02.01"]
[Round "7.96"]
[White "Ajele, Rotimi"]
[Black "Carlsten, Peter"]
[Result "1-0"]
[WhiteElo "2163"]
[BlackElo "2074"]
[PlyCount "119"]
[EventDate "2016.01.26"]
[EventType "swiss"]
[EventRounds "10"]
[EventCountry "GGB"]
[Source "www.saund.co.uk"]
[SourceDate "2005.02.07"]

1. d4 f5 2. Nf3 Nf6 3. c4 g6 4. g3 Bg7 5. Bg2 O-O 6. Nc3 d6 7. O-O Qe8 8. Re1
Qf7 9. b3 Ne4 10. Bb2 c5 11. Rc1 Nc6 12. dxc5 dxc5 13. Qc2 Nb4 14. Qb1 Nxc3 15.
Rxc3 Bxc3 16. Bxc3 Nc6 17. Ng5 Qe8 18. Ba1 h6 19. Nf3 Kh7 20. Ne5 Bd7 21. Qb2
Rg8 22. e4 Rd8 23. exf5 Bxf5 24. Nxc6 bxc6 25. Bxc6 Qf7 26. Qe5 e6 27. Bc3 Rc8
28. Bg2 Qc7 29. Qe3 Rgd8 30. Bf1 Qe7 31. h3 h5 32. Bd2 Qg7 33. Bc3 Qc7 34. Qg5
Qf7 35. g4 Bd3 36. Bg2 Rf8 37. Qe3 Rcd8 38. Qxc5 Bc2 39. gxh5 gxh5 40. Qe3 Bf5
41. Bd4 Rg8 42. Kh2 a6 43. Be4 Qg6 44. Bxf5 Qxf5 45. Qe4 Rd6 46. c5 Qxe4 47.
Rxe4 Rc6 48. b4 Rb8 49. Be5 Rb7 50. Kg3 a5 51. a3 Kg6 52. Kf4 Rf7+ 53. Ke3 axb4
54. axb4 Ra6 55. Rc4 Ra3+ 56. Bc3 Rb7 57. Ke4 Rb3 58. c6 Rc7 59. Ke5 Kf7 60.
Kd6 1-0

[Event "Tradewise Gibraltar Masters 14th"]
[Site "Gibraltar"]
[Date "2016.02.01"]
[Round "7.97"]
[White "Odeh, Kenneth"]
[Black "Ranaivoharisoa, Alain"]
[Result "0-1"]
[WhiteElo "2014"]
[BlackElo "2160"]
[PlyCount "80"]
[EventDate "2016.01.26"]
[EventType "swiss"]
[EventRounds "10"]
[EventCountry "GGB"]
[Source "www.saund.co.uk"]
[SourceDate "2005.02.07"]

1. e4 c5 2. Nc3 Nc6 3. g3 g6 4. Bg2 Bg7 5. d3 e6 6. Be3 d6 7. Qd2 Nge7 8. Bh6
Bxh6 9. Qxh6 Ng8 10. Qd2 e5 11. Nge2 Be6 12. O-O Qd7 13. f4 f6 14. Nd5 Bxd5 15.
exd5 Nd8 16. Rae1 Ne7 17. fxe5 fxe5 18. Nc3 Rf8 19. Rxf8+ Kxf8 20. Qh6+ Kg8 21.
Rf1 Nf5 22. Qg5 Nf7 23. Qf6 Rf8 24. Bh3 N7h6 25. Ne4 Qd8 26. Qe6+ Kg7 27. g4
Re8 28. Ng5 Nd4 29. Rf7+ Kg8 30. Qd7 Nf3+ 31. Nxf3 Nxf7 32. Qxb7 Qe7 33. Qb5 e4
34. dxe4 Qxe4 35. Kf2 Qe3+ 36. Kg3 Ng5 37. Bg2 Rf8 38. Qb3 Ne4+ 39. Kh3 Qh6+
40. Nh4 Nf2+ 0-1

[Event "Tradewise Gibraltar Masters 14th"]
[Site "Gibraltar"]
[Date "2016.02.01"]
[Round "7.98"]
[White "Blodig, Reinhard"]
[Black "Moradi, Kimia"]
[Result "1-0"]
[WhiteElo "2158"]
[BlackElo "2024"]
[PlyCount "153"]
[EventDate "2016.01.26"]
[EventType "swiss"]
[EventRounds "10"]
[EventCountry "GGB"]
[Source "www.saund.co.uk"]
[SourceDate "2005.02.07"]

1. c4 e6 2. g3 Nf6 3. Bg2 d5 4. Nf3 c6 5. Qb3 Nbd7 6. O-O Bd6 7. d4 O-O 8. Rd1
Qe7 9. Nc3 dxc4 10. Qxc4 e5 11. dxe5 Nxe5 12. Nxe5 Bxe5 13. Be3 Be6 14. Qa4 Ng4
15. Bd4 Bxd4 16. Rxd4 b5 17. Qa6 Rac8 18. Rad1 c5 19. Qd6 Qg5 20. h4 Qh5 21.
Rf4 Qe5 22. Bh3 Qxd6 23. Rxd6 h5 24. f3 b4 25. Ne4 Ne5 26. Bxe6 fxe6 27. Rxe6
Rxf4 28. gxf4 Nf7 29. b3 c4 30. bxc4 Rxc4 31. Kf2 Rc1 32. Ra6 Ra1 33. Ra4 a5
34. Nd2 Nd6 35. Rxa5 Rd1 36. Nb3 Rh1 37. Rxh5 g6 38. Rg5 Kf7 39. e4 Rh2+ 40.
Rg2 Rxh4 41. Kg3 Rh8 42. Rd2 Ke7 43. Rd4 Rb8 44. Nc1 Rb5 45. Nd3 b3 46. axb3
Rxb3 47. Ne5 Nb5 48. Rd3 Rxd3 49. Nxd3 Kf6 50. Kg4 Nd4 51. Kg3 Ne2+ 52. Kf2 Nd4
53. Nb4 Ke6 54. Ke3 Nb3 55. Nc6 Nc5 56. Nd4+ Kf6 57. e5+ Kf7 58. Kf2 Nd3+ 59.
Kg3 Nb4 60. Kg4 Nd5 61. Kg5 Ne7 62. f5 gxf5 63. Nxf5 Nd5 64. f4 Nb6 65. Nd4 Nc4
66. Kf5 Ne3+ 67. Ke4 Ng4 68. f5 Nh6 69. Kf4 Ng8 70. Kg5 Ne7 71. e6+ Kg8 72. f6
Nd5 73. Nc6 Kf8 74. Ne5 Nc7 75. Ng6+ Kg8 76. f7+ Kh7 77. Kf5 1-0

[Event "Tradewise Gibraltar Masters 14th"]
[Site "Gibraltar"]
[Date "2016.02.01"]
[Round "7.99"]
[White "Osuna Vega, Enrique"]
[Black "Burke, Mitchell R"]
[Result "1/2-1/2"]
[WhiteElo "2127"]
[BlackElo "2002"]
[PlyCount "66"]
[EventDate "2016.01.26"]
[EventType "swiss"]
[EventRounds "10"]
[EventCountry "GGB"]
[Source "www.saund.co.uk"]
[SourceDate "2005.02.07"]

1. e4 c5 2. Nf3 d6 3. d4 cxd4 4. Nxd4 Nf6 5. f3 e5 6. Bb5+ Bd7 7. Bxd7+ Qxd7 8.
Nf5 d5 9. Bg5 dxe4 10. Bxf6 Qxd1+ 11. Kxd1 gxf6 12. fxe4 Nc6 13. Nc3 O-O-O+ 14.
Nd5 Nb4 15. c4 Rg8 16. g3 Rg4 17. h3 Rxe4 18. Rc1 Nxd5 19. cxd5+ Kb8 20. Rc2
Rxd5+ 21. Rd2 Rxd2+ 22. Kxd2 Bb4+ 23. Kd3 Re1 24. Rxe1 Bxe1 25. Kc4 Kc7 26. Kd5
Kd7 27. g4 Bb4 28. Nh6 Ke8 29. Nf5 Kd7 30. Nh6 Ke8 31. Nf5 Bf8 32. Ne3 Kd7 33.
Nf5 Ke8 1/2-1/2

[Event "Tradewise Gibraltar Masters 14th"]
[Site "Gibraltar"]
[Date "2016.02.01"]
[Round "7.100"]
[White "Eagleton, Greg T"]
[Black "Boado Rodriguez, Martin"]
[Result "1-0"]
[WhiteElo "1981"]
[BlackElo "2121"]
[PlyCount "89"]
[EventDate "2016.01.26"]
[EventType "swiss"]
[EventRounds "10"]
[EventCountry "GGB"]
[Source "www.saund.co.uk"]
[SourceDate "2005.02.07"]

1. d4 Nf6 2. Nf3 e6 3. Bg5 Be7 4. Nbd2 c5 5. e3 Nc6 6. c3 O-O 7. Bd3 d5 8. O-O
cxd4 9. exd4 Nh5 10. Bxe7 Qxe7 11. Re1 Nf4 12. Bf1 Bd7 13. g3 Ng6 14. Nb3 b6
15. Nc1 Na5 16. Nd3 f6 17. h4 Qf7 18. h5 Ne7 19. Nf4 Rae8 20. Qc2 Nec6 21. Bd3
f5 22. Re2 Re7 23. Rae1 Rfe8 24. b3 Qf6 25. g4 g6 26. g5 Qg7 27. hxg6 Nb7 28.
Kg2 Nd6 29. Rh1 Qh8 30. Rh6 Rg7 31. Re1 Ne4 32. Reh1 Ree7 33. Nh5 Kf8 34. Nxg7
Qxg7 35. gxh7 Qh8 36. Bxe4 dxe4 37. Nh4 Be8 38. Rf6+ Kg7 39. Qd2 Rf7 40. Ng6
Rxf6 41. Nxh8 Rf8 42. d5 e5 43. dxc6 Bxc6 44. Qd6 Ba8 45. Qxe5+ 1-0

[Event "Tradewise Gibraltar Masters 14th"]
[Site "Gibraltar"]
[Date "2016.02.01"]
[Round "7.101"]
[White "Feldbacher, Harald"]
[Black "Skutta, Bernd"]
[Result "1-0"]
[WhiteElo "2121"]
[BlackElo "1966"]
[PlyCount "117"]
[EventDate "2016.01.26"]
[EventType "swiss"]
[EventRounds "10"]
[EventCountry "GGB"]
[Source "www.saund.co.uk"]
[SourceDate "2005.02.07"]

1. d4 Nf6 2. Bg5 Ne4 3. h4 d5 4. Nd2 Nxg5 5. hxg5 g6 6. Ngf3 Bg7 7. c3 Nc6 8.
e3 a6 9. Bd3 e5 10. dxe5 Nxe5 11. Nxe5 Bxe5 12. Nf3 Bg7 13. Qa4+ Qd7 14. Qb4
Qg4 15. Qxg4 Bxg4 16. O-O-O h5 17. gxh6 Rxh6 18. Rxh6 Bxh6 19. Rh1 Bg7 20. Ng5
Ke7 21. Rh4 Bd7 22. Rh7 Rg8 23. f4 Kf8 24. Kc2 Rh8 25. Rxh8+ Bxh8 26. g3 Bg4
27. Bf1 f6 28. Nh3 Ke7 29. Nf2 Bf3 30. g4 f5 31. g5 Kd6 32. Kd2 c5 33. b3 b5
34. a4 bxa4 35. bxa4 a5 36. Bb5 d4 37. cxd4 cxd4 38. Be8 Bc6 39. Bxg6 dxe3+ 40.
Kxe3 Bxa4 41. Bxf5 Bb3 42. Ne4+ Kd5 43. Nd2 a4 44. Nxb3 axb3 45. Bb1 Bb2 46.
Kf3 Ke6 47. Kg4 Bc3 48. Bd3 b2 49. Bc4+ Ke7 50. Ba2 Kf8 51. Kf5 Kg7 52. Ke6 Kg6
53. Bb1+ Kg7 54. f5 Kf8 55. f6 Bd2 56. g6 Bb4 57. Ba2 Ba3 58. g7+ Kg8 59. Kf5+
1-0

[Event "Tradewise Gibraltar Masters 14th"]
[Site "Gibraltar"]
[Date "2016.02.01"]
[Round "7.102"]
[White "Kandic, Milan"]
[Black "Zachariassen, John"]
[Result "1-0"]
[WhiteElo "2109"]
[BlackElo "1958"]
[Annotator "Rudd,Jack"]
[PlyCount "41"]
[EventDate "2016.01.26"]
[EventType "swiss"]
[EventRounds "10"]
[EventCountry "GGB"]
[Source "www.saund.co.uk"]
[SourceDate "2005.02.07"]

1. e4 g6 2. d4 Bg7 3. Be3 d6 4. Bc4 Nf6 5. f3 Nbd7 6. Qd2 c6 7. h4 h5 8. Nh3 b5
9. Bb3 Nb6 10. Ng5 d5 11. e5 Ng8 12. Qe2 Nh6 13. c3 O-O 14. Bc2 f6 15. Bxg6
fxg5 16. hxg5 Nf5 17. Bf2 h4 18. f4 Ng3 19. Bxg3 hxg3 20. Bh7+ Kf7 21. e6+ 1-0

[Event "Tradewise Gibraltar Masters 14th"]
[Site "Gibraltar"]
[Date "2016.02.01"]
[Round "7.103"]
[White "George, Lolomari Erekosima"]
[Black "Omoifo, Osemekhian I"]
[Result "1/2-1/2"]
[WhiteElo "1937"]
[BlackElo "2106"]
[PlyCount "66"]
[EventDate "2016.01.26"]
[EventType "swiss"]
[EventRounds "10"]
[EventCountry "GGB"]
[Source "www.saund.co.uk"]
[SourceDate "2005.02.07"]

1. Nf3 Nf6 2. g3 g6 3. Bg2 Bg7 4. O-O O-O 5. c4 d5 6. cxd5 Nxd5 7. Nc3 Nb6 8.
d4 Nc6 9. e3 Bf5 10. Ne1 e5 11. d5 Ne7 12. e4 Bd7 13. Nc2 Nc4 14. Ne3 Nd6 15.
Qb3 c5 16. dxc6 Nxc6 17. Ned5 Nd4 18. Qd1 N6b5 19. Bd2 Rc8 20. a4 Nd6 21. b3
Be6 22. Rc1 Re8 23. Re1 Qd7 24. Be3 b5 25. f3 b4 26. Ne2 Bxd5 27. exd5 N6f5 28.
Bd2 Nxe2+ 29. Qxe2 Nd4 30. Qd3 Rxc1 31. Rxc1 Qxd5 32. Bxb4 Qxb3 33. Qxb3 Nxb3
1/2-1/2

[Event "Tradewise Gibraltar Masters 14th"]
[Site "Gibraltar"]
[Date "2016.02.01"]
[Round "7.104"]
[White "Lafortune, Emerick"]
[Black "Korning, Peter"]
[Result "0-1"]
[WhiteElo "1923"]
[BlackElo "2015"]
[PlyCount "66"]
[EventDate "2016.01.26"]
[EventType "swiss"]
[EventRounds "10"]
[EventCountry "GGB"]
[Source "www.saund.co.uk"]
[SourceDate "2005.02.07"]

1. Nf3 d5 2. c4 e6 3. d4 c5 4. g3 cxd4 5. Nxd4 e5 6. Nf3 d4 7. Bg2 Nc6 8. e4
Nf6 9. Bg5 h6 10. Bxf6 Qxf6 11. a3 Be7 12. O-O O-O 13. Nbd2 Qd6 14. Ne1 Be6 15.
Nd3 Rad8 16. b4 Qc7 17. f4 f5 18. b5 Na5 19. Nxe5 d3 20. exf5 Bxf5 21. Kh1 Bc5
22. Nb3 Nxb3 23. Qxb3 Bd4 24. Rae1 d2 25. Re2 Bxe5 26. Rxe5 Bd3 27. c5+ Qf7 28.
Qd1 Bxf1 29. Bxf1 Rfe8 30. Re2 Rxe2 31. Bxe2 Qd5+ 32. Bf3 Qxf3+ 33. Qxf3 d1=Q+
0-1

[Event "Tradewise Gibraltar Masters 14th"]
[Site "Gibraltar"]
[Date "2016.02.01"]
[Round "7.105"]
[White "Biegel, Thomas"]
[Black "Bajer, Renato"]
[Result "1/2-1/2"]
[WhiteElo "2069"]
[BlackElo "1890"]
[PlyCount "65"]
[EventDate "2016.01.26"]
[EventType "swiss"]
[EventRounds "10"]
[EventCountry "GGB"]
[Source "www.saund.co.uk"]
[SourceDate "2005.02.07"]

1. Nf3 f5 2. g3 Nf6 3. Bg2 g6 4. O-O Bg7 5. d4 O-O 6. b4 d6 7. Bb2 Nc6 8. b5
Na5 9. Nbd2 d5 10. Ne5 Ne4 11. Nxe4 dxe4 12. Qd2 b6 13. Qb4 Qd6 14. Qa4 Bxe5
15. dxe5 Qe6 16. Rfd1 Qc4 17. Qxc4+ Nxc4 18. Bc3 Na3 19. Bb2 Nc4 20. Bc3 Na3
21. f3 Nxc2 22. Rac1 Ne3 23. Rd4 Nxg2 24. Kxg2 exf3+ 25. Kxf3 Be6 26. Bb4 Rfd8
27. Rxd8+ Rxd8 28. Rxc7 Rd7 29. Rxd7 Bxd7 30. Bxe7 Bxb5 31. Bd6 Bc4 32. a3 b5
33. Bb4 1/2-1/2

[Event "Tradewise Gibraltar Masters 14th"]
[Site "Gibraltar"]
[Date "2016.02.01"]
[Round "7.106"]
[White "Vilarnovo Caamano, Jose"]
[Black "Sajjadi, Kimiya"]
[Result "1-0"]
[WhiteElo "2043"]
[BlackElo "1839"]
[PlyCount "61"]
[EventDate "2016.01.26"]
[EventType "swiss"]
[EventRounds "10"]
[EventCountry "GGB"]
[Source "www.saund.co.uk"]
[SourceDate "2005.02.07"]

1. e4 e6 2. Qe2 c5 3. Nf3 Nc6 4. c3 d5 5. d3 b6 6. g3 Ba6 7. Bg2 Nf6 8. e5 Nd7
9. Bf4 b5 10. a3 Qa5 11. O-O b4 12. Ng5 h6 13. Bxd5 exd5 14. Nxf7 Kxf7 15. e6+
Ke8 16. exd7+ Kxd7 17. Re1 Ne7 18. Qe6+ Kd8 19. Qd6+ Ke8 20. Qc6+ Kd8 21. Qxa8+
Bc8 22. cxb4 cxb4 23. Nd2 g5 24. Be5 Rh7 25. axb4 Qxb4 26. Qxa7 Qxd2 27. Qc7+
Ke8 28. Bc3 Qxd3 29. Qxc8+ Kf7 30. Qe6+ Ke8 31. Ra8# 1-0

[Event "Tradewise Gibraltar Masters 14th"]
[Site "Gibraltar"]
[Date "2016.02.01"]
[Round "7.107"]
[White "Suez-Panama, Gilles"]
[Black "Schimmer, Michael"]
[Result "1-0"]
[WhiteElo "2032"]
[BlackElo "1782"]
[PlyCount "77"]
[EventDate "2016.01.26"]
[EventType "swiss"]
[EventRounds "10"]
[EventCountry "GGB"]
[Source "www.saund.co.uk"]
[SourceDate "2005.02.07"]

1. d4 Nf6 2. Nf3 c5 3. d5 b5 4. Bg5 Qb6 5. Nc3 d6 6. e4 Ba6 7. Bxf6 gxf6 8. Be2
Bg7 9. Nh4 Nd7 10. Nf5 Rg8 11. O-O Ne5 12. Kh1 Ng6 13. f4 O-O-O 14. a4 b4 15.
Nb5 Kb8 16. c3 Bc8 17. Ne3 Bh6 18. Nc4 Qa6 19. cxb4 Nxf4 20. Rxf4 Bxf4 21. Na5
Qb6 22. Nc6+ Ka8 23. a5 Qb7 24. a6 Qd7 25. Bg4 Rxg4 26. Qxg4 Qxc6 27. dxc6 Bxg4
28. Nc7+ Kb8 29. Nd5 Re8 30. Ra5 Be2 31. Nxf4 Bc4 32. bxc5 dxc5 33. b3 Rd8 34.
h3 Bf1 35. Nd5 Rg8 36. Kg1 Bd3 37. c7+ Ka8 38. Nxe7 Rg5 39. c8=R# 1-0

[Event "Tradewise Gibraltar Masters 14th"]
[Site "Gibraltar"]
[Date "2016.02.01"]
[Round "7.108"]
[White "Goncalves, Jose Antonio Silvei"]
[Black "Savage, Neil"]
[Result "1-0"]
[WhiteElo "1984"]
[BlackElo "1689"]
[PlyCount "61"]
[EventDate "2016.01.26"]
[EventType "swiss"]
[EventRounds "10"]
[EventCountry "GGB"]
[Source "www.saund.co.uk"]
[SourceDate "2005.02.07"]

1. d4 Nf6 2. c4 g6 3. Nc3 d5 4. cxd5 Nxd5 5. e4 Nxc3 6. bxc3 Bg7 7. Bc4 c5 8.
Ne2 O-O 9. Be3 Nc6 10. Rc1 cxd4 11. cxd4 Na5 12. Bd3 Nc6 13. Bb1 Bd7 14. f3 Rc8
15. h4 Qa5+ 16. Kf2 Nb4 17. Qd2 Bb5 18. Nc3 Bc4 19. h5 Qa6 20. hxg6 fxg6 21.
Bh6 Rf7 22. Bxg7 Kxg7 23. Nd1 Qb6 24. Ne3 Be6 25. Rxc8 Bxc8 26. a3 Nc6 27. Ba2
Rf8 28. Nf5+ Kf6 29. Qh6 Rd8 30. Qg7+ Kg5 31. f4+ 1-0

[Event "Tradewise Gibraltar Masters 14th"]
[Site "Gibraltar"]
[Date "2016.02.01"]
[Round "7.109"]
[White "Kristinsson, Magnus"]
[Black "Marcos Herrero, Francisco"]
[Result "0-1"]
[WhiteElo "1776"]
[BlackElo "1982"]
[Annotator "Rudd,Jack"]
[PlyCount "98"]
[EventDate "2016.01.26"]
[EventType "swiss"]
[EventRounds "10"]
[EventCountry "GGB"]
[Source "www.saund.co.uk"]
[SourceDate "2005.02.07"]

1. e4 c5 2. Nf3 g6 3. d4 cxd4 4. Nxd4 Nc6 5. Be3 Nf6 6. Nc3 d6 7. f3 Bg7 8. Bc4
O-O 9. Qd2 Bd7 10. O-O-O Rc8 11. Bb3 Ne5 12. Rhe1 Qa5 13. Kb1 Rfe8 14. h3 Nc4
15. Bxc4 Rxc4 16. Nb3 Qc7 17. Bg5 Be6 18. f4 Rc8 19. Nd4 Qb6 20. Nxe6 fxe6 21.
e5 Rxc3 22. exf6 exf6 23. Bh4 Rxc2 24. Qxc2 Rxc2 25. Kxc2 f5 26. b3 e5 27. fxe5
Bxe5 28. Re2 Qa6 29. Re3 Qxa2+ 30. Kd3 Qxg2 31. Bd8 f4 32. Ree1 Qxh3+ 33. Ke2
g5 34. Bxg5 Qe3+ 35. Kf1 Qxb3 36. Ke2 Qe3+ 37. Kf1 Qf3+ 38. Kg1 Kf7 39. Rf1
Qg3+ 40. Kh1 Qxg5 41. Rg1 Qh5+ 42. Kg2 Qe2+ 43. Kh3 f3 44. Rc1 Qh2+ 45. Kg4 f2
46. Rc7+ Ke6 47. Rgc1 Qg2+ 48. Kh5 Qf3+ 49. Kh6 f1=Q 0-1

[Event "Tradewise Gibraltar Masters 14th"]
[Site "Gibraltar"]
[Date "2016.02.01"]
[Round "7.110"]
[White "Joachim, Rodny"]
[Black "Slinger, Tony J"]
[Result "1/2-1/2"]
[WhiteElo "1659"]
[BlackElo "1915"]
[Annotator "Rudd,Jack"]
[PlyCount "106"]
[EventDate "2016.01.26"]
[EventType "swiss"]
[EventRounds "10"]
[EventCountry "GGB"]
[Source "www.saund.co.uk"]
[SourceDate "2005.02.07"]

1. e4 g6 2. d4 Bg7 3. Bc4 d6 4. Nf3 Nf6 5. e5 dxe5 6. Nxe5 O-O 7. O-O c6 8. Nc3
Nbd7 9. Re1 Nxe5 10. dxe5 Qxd1 11. Rxd1 Ng4 12. f4 h5 13. h3 Nh6 14. Be3 Bf5
15. Rd2 b5 16. Bb3 a5 17. a4 b4 18. Ne2 Be4 19. Bc5 Rfe8 20. Ng3 Bf5 21. Rad1
Bf8 22. Kf2 h4 23. Nf1 Kg7 24. Nh2 Be4 25. Ke3 f5 26. Nf3 e6 27. Rd7+ Nf7 28.
Rxf7+ Kxf7 29. Ng5+ Kg8 30. Bxe6+ Rxe6 31. Nxe6 Bxc5+ 32. Nxc5 Bxg2 33. Ne6
Bxh3 34. Rh1 Bg2 35. Rxh4 Be4 36. Rh2 Re8 37. Ng5 c5 38. Nxe4 fxe4 39. Rd2 c4
40. Rd7 g5 41. Kxe4 gxf4 42. Kxf4 Rf8+ 43. Ke3 Rf1 44. Ke2 Rb1 45. e6 Kf8 46.
Rc7 Rxb2 47. Rxc4 Ra2 48. Kd1 Rxa4 49. c3 Ra1+ 50. Kc2 Ke7 51. cxb4 axb4 52.
Re4 Ra3 53. Rxb4 Kxe6 1/2-1/2

[Event "Tradewise Gibraltar Masters 14th"]
[Site "Gibraltar"]
[Date "2016.02.01"]
[Round "7.112"]
[White "Campbell, Charles"]
[Black "Mrabti, Yahya"]
[Result "1-0"]
[WhiteElo "2157"]
[BlackElo "1780"]
[PlyCount "73"]
[EventDate "2016.01.26"]
[EventType "swiss"]
[EventRounds "10"]
[EventCountry "GGB"]
[Source "www.saund.co.uk"]
[SourceDate "2005.02.07"]

1. d4 Nf6 2. c4 c5 3. d5 b5 4. a4 b4 5. Nd2 e5 6. e4 d6 7. Ngf3 g6 8. g3 Bg7 9.
Bg2 a5 10. O-O Ra7 11. Ne1 Re7 12. Nd3 Nbd7 13. b3 Nh5 14. Bb2 O-O 15. Qc2 f5
16. f4 fxe4 17. Nxe4 exf4 18. Bxg7 Kxg7 19. Qb2+ Kg8 20. Nxf4 Nxf4 21. gxf4 Nb6
22. Nf6+ Kf7 23. Nxh7 Rh8 24. Qf6+ Kg8 25. Ng5 Qe8 26. Qxd6 Re2 27. Qxc5 Nd7
28. Qd4 Rh4 29. Ne6 Ne5 30. Rae1 Rxg2+ 31. Kxg2 Bxe6 32. Qxe5 Bh3+ 33. Kg3 Qd8
34. Qe8+ Qxe8 35. Rxe8+ Kf7 36. Rfe1 g5 37. fxg5 1-0

[Event "Tradewise Gibraltar Masters 14th"]
[Site "Gibraltar"]
[Date "2016.02.01"]
[Round "7.113"]
[White "Magnusdottir, Veronika Steinun"]
[Black "Boron, Anthony"]
[Result "1-0"]
[WhiteElo "1762"]
[BlackElo "1915"]
[PlyCount "65"]
[EventDate "2016.01.26"]
[EventType "swiss"]
[EventRounds "10"]
[EventCountry "GGB"]
[Source "www.saund.co.uk"]
[SourceDate "2005.02.07"]

1. e4 d5 2. exd5 Nf6 3. d4 Nxd5 4. Nf3 Bf5 5. Bd3 Bxd3 6. Qxd3 c6 7. c4 Nf6 8.
Nc3 e6 9. Bf4 Bd6 10. Ne5 Qe7 11. O-O Nh5 12. Bd2 Nd7 13. f4 O-O-O 14. Qf3 g6
15. b4 Nxe5 16. fxe5 Bxb4 17. Rab1 Rxd4 18. Nd5 exd5 19. Bxb4 Qd7 20. cxd5 Qxd5
21. Qxf7 Qxf7 22. Rxf7 Re8 23. Bd6 Nf4 24. Rbxb7 Rxd6 25. exd6 Re1+ 26. Kf2
Nd3+ 27. Kg3 Re3+ 28. Kh4 Re4+ 29. Kg5 h6+ 30. Kxh6 Rh4+ 31. Kg7 Rd4 32. Rfc7+
Kd8 33. Rb8# 1-0

[Event "Tradewise Gibraltar Masters 14th"]
[Site "Gibraltar"]
[Date "2016.02.01"]
[Round "7.116"]
[White "Gravett, Alan D"]
[Black "Wilson, Matthew R"]
[Result "0-1"]
[WhiteElo "1884"]
[BlackElo "1873"]
[PlyCount "86"]
[EventDate "2016.01.26"]
[EventType "swiss"]
[EventRounds "10"]
[EventCountry "GGB"]
[Source "www.saund.co.uk"]
[SourceDate "2005.02.07"]

1. g3 e5 2. Bg2 Nc6 3. d3 f5 4. c4 Nf6 5. Nc3 Bb4 6. Bd2 Bc5 7. e3 O-O 8. Nge2
d6 9. O-O Qe8 10. Na4 Bb4 11. Bxc6 Qxc6 12. Bxb4 f4 13. e4 Bh3 14. Re1 f3 15.
Nec3 Bg2 16. Re3 Ng4 17. h3 Qd7 18. Rxf3 Bxf3 19. Qf1 Rf6 20. Nd5 Qxa4 21. Bd2
Rf7 22. hxg4 Bxg4 23. Ne3 Qd7 24. Nxg4 Qxg4 25. Be3 Raf8 26. c5 a6 27. cxd6
cxd6 28. Qd1 Qxd1+ 29. Rxd1 Rc8 30. Rc1 Rxc1+ 31. Bxc1 Rc7 32. Bd2 Rc2 33. Bc3
Rc1+ 34. Kg2 Rd1 35. Kf3 Rxd3+ 36. Ke2 Rxc3 37. bxc3 Kf7 38. c4 Ke6 39. Kf3 b5
40. cxb5 axb5 41. Ke3 d5 42. exd5+ Kxd5 43. Kd3 b4 0-1

[Event "Tradewise Gibraltar Masters 14th"]
[Site "Gibraltar"]
[Date "2016.02.01"]
[Round "7.117"]
[White "Tarr, Steve F"]
[Black "Beadle, John R"]
[Result "1-0"]
[WhiteElo "1779"]
[BlackElo "1560"]
[PlyCount "67"]
[EventDate "2016.01.26"]
[EventType "swiss"]
[EventRounds "10"]
[EventCountry "GGB"]
[Source "www.saund.co.uk"]
[SourceDate "2005.02.07"]

1. d4 f5 2. Bf4 Nf6 3. e3 e6 4. h3 d5 5. Nf3 Bd6 6. Ne5 Nbd7 7. Nd3 O-O 8. Nd2
b6 9. c3 Qe7 10. Nf3 c5 11. Nde5 Bxe5 12. dxe5 Ne4 13. Bd3 Bb7 14. h4 h6 15.
Rh3 Kf7 16. h5 Rg8 17. Nh4 Nf8 18. Qe2 c4 19. Bc2 b5 20. f3 Nc5 21. Qf2 Ke8 22.
Qg3 Kd7 23. Bxh6 Nh7 24. Bf4 Nd3+ 25. Bxd3 cxd3 26. Rd1 Qc5 27. Qg6 Kc6 28.
Qxe6+ Kc7 29. Qxf5 Raf8 30. e6+ Kb6 31. Qxh7 Rxf4 32. Qxd3 Rc4 33. Ng6 b4 34.
Ne5 1-0

[Event "Tradewise Gibraltar Masters 14th"]
[Site "Gibraltar"]
[Date "2016.02.01"]
[Round "7.118"]
[White "Seyfried, Claus"]
[Black "Bullock, Lee"]
[Result "1-0"]
[WhiteElo "2137"]
[BlackElo "1549"]
[PlyCount "35"]
[EventDate "2016.01.26"]
[EventType "swiss"]
[EventRounds "10"]
[EventCountry "GGB"]
[Source "www.saund.co.uk"]
[SourceDate "2005.02.07"]

1. c4 e5 2. Nc3 Bc5 3. Nf3 d6 4. e3 Nc6 5. d4 exd4 6. exd4 Bb4 7. Be2 h6 8. O-O
Nf6 9. d5 Bxc3 10. dxc6 Ba5 11. cxb7 Bxb7 12. Qa4+ c6 13. Nd4 Bb6 14. Nf5 O-O
15. Bf4 Bc7 16. Qb3 Rb8 17. Qg3 Kh8 18. Qxg7# 1-0

[Event "Tradewise Gibraltar Masters 14th"]
[Site "Gibraltar"]
[Date "2016.02.02"]
[Round "8.1"]
[White "Anton Guijarro, David"]
[Black "Li Chao B"]
[Result "1/2-1/2"]
[WhiteElo "2639"]
[BlackElo "2751"]
[PlyCount "77"]
[EventDate "2016.01.26"]
[EventType "swiss"]
[EventRounds "10"]
[EventCountry "GGB"]
[Source "www.saund.co.uk"]
[SourceDate "2005.02.07"]

1. e4 e5 2. Nf3 Nf6 3. Nxe5 d6 4. Nf3 Nxe4 5. Nc3 Nxc3 6. dxc3 Be7 7. Be3 Nc6
8. Qd2 Ne5 9. Be2 O-O 10. O-O Be6 11. b3 Nxf3+ 12. Bxf3 d5 13. Rfe1 c6 14. a4
Re8 15. Bd4 Bg5 16. Be3 h6 17. h3 Bf5 18. Rac1 Qf6 19. Bxg5 hxg5 20. Rxe8+ Rxe8
21. Qd4 Qd6 22. Qd2 Qe7 23. a5 a6 24. b4 f6 25. Kf1 Kf7 26. Bh5+ g6 27. Bf3 Qc7
28. Re1 Rxe1+ 29. Kxe1 Qh2 30. Ke2 Qf4 31. Qxf4 gxf4 32. Bg4 Bxc2 33. Bc8 Ba4
34. Bxb7 Bb5+ 35. Kf3 Ke7 36. Bc8 Kd8 37. Be6 Ke7 38. Bc8 Kd8 39. Be6 1/2-1/2

[Event "Tradewise Gibraltar Masters 14th"]
[Site "Gibraltar"]
[Date "2016.02.02"]
[Round "8.2"]
[White "Vachier-Lagrave, Maxime"]
[Black "Bruzon Batista, Lazaro"]
[Result "1-0"]
[WhiteElo "2785"]
[BlackElo "2666"]
[PlyCount "97"]
[EventDate "2016.01.26"]
[EventType "swiss"]
[EventRounds "10"]
[EventCountry "GGB"]
[Source "www.saund.co.uk"]
[SourceDate "2005.02.07"]

1. e4 e5 2. Nf3 Nc6 3. Bb5 Nf6 4. O-O Nxe4 5. d4 Nd6 6. Bxc6 dxc6 7. dxe5 Nf5
8. Qxd8+ Kxd8 9. h3 h6 10. Rd1+ Ke8 11. Nc3 Ne7 12. Bf4 Ng6 13. Bg3 Be7 14. Nd4
Nf8 15. Rd3 h5 16. Rad1 h4 17. Bh2 Ne6 18. Nce2 c5 19. Nf5 b6 20. Nxe7 Kxe7 21.
Nf4 g5 22. Nd5+ Kf8 23. f4 gxf4 24. Nxf4 Kg7 25. Rf3 Nxf4 26. Bxf4 Rh5 27. g4
hxg3 28. Rxg3+ Kh7 29. Rd8 Bb7 30. Rd7 Rf5 31. Bg5 Rg8 32. h4 Bc8 33. Rxc7 Be6
34. Rxa7 Rxe5 35. Kf2 Rf5+ 36. Ke1 b5 37. a3 Re8 38. Re3 Kg6 39. Ra6 Kh5 40.
Rb6 c4 41. Kd2 Rc8 42. Kc3 Rcc5 43. Rg3 Rc8 44. Kb4 Ra8 45. Be7 c3 46. b3 Rf2
47. Rxb5+ f5 48. Rg5+ Kh6 49. Rb6 1-0